[Event "RUS-ch U21 2019"]
[Site "Loo"]
[Date "2019.04.26"]
[Round "7.1"]
[White "Drygalov, Sergey"]
[Black "Murzin, Volodar"]
[Result "1-0"]
[WhiteElo "2485"]
[BlackElo "2407"]
[Annotator "TA"]
[PlyCount "201"]
[EventDate "2019.04.20"]
[EventType "tourn"]
[EventCountry "RUS"]
[SourceTitle "playchess.com"]
[Source "ChessBase"]
[SourceQuality "1"]

{[%evp 12,201,35,14,36,45,40,33,39,37,44,22,16,6,8,14,17,0,9,4,54,50,46,27,33,33,42,56,45,22,69,70,77,8,6,19,49,39,101,104,99,110,140,128,125,127,115,105,127,115,157,152,150,160,179,168,138,79,77,0,139,132,136,133,149,127,127,127,127,127,127,127,128,127,127,127,127,127,127,127,128,128,128,93,128,128,128,128,128,88,112,0,129,128,129,129,129,129,129,129,129,129,129,106,129,129,129,129,129,0,129,0,129,129,128,124,112,0,0,0,89,83,84,82,82,63,92,84,83,0,84,45,192,200,290,280,328,482,447,442,469,448,466,463,459,446,409,409,462,447,462,455,420,416,370,316,247,177,325,330,339,329,320,235,334,318,286,159,483,387,489,487,436,2,388,148,144,8,8,17,29978,29979,29979,29980,29979,29981,29981,29982,29982,29983,29983,29984]} 1. d4 d5 2. c4 c6 3. Nf3 Nf6 4. Nc3 a6 5. c5 Bf5 6. Bf4 Nbd7 7. h3 e6 {D15: Slav Defence: 4 Nc3 a6 and gambit lines after 4 Nc3 dxc4} (7... g6 8. e3 Bg7 9. Bd3 Bxd3 10. Qxd3 O-O 11. O-O Re8 12. b4 Nh5 13. Be5 Bxe5 14. Nxe5 Qc7 15. f4 {½-½ (29) Moiseenko,A (2692)-Andreikin,D (2720) Berlin 2015}) 8. e3 Be7 9. Be2 O-O {White is slightly better.} 10. O-O Ne4 11. Nxe4 Bxe4 12. b4 Re8 13. Nd2 Bg6 14. a4 $146 ({Predecessor:} 14. Bh2 Qc8 15. a4 {0-1 (92) Bekker Jensen,S (2445)-Glud,J (2518) Skorping 2014}) 14... Bf6 15. Bd6 h6 16. b5 e5 17. bxc6 bxc6 18. Nb3 exd4 19. Nxd4 Bxd4 20. Qxd4 Qa5 21. Rfd1 Re4 22. Qd2 (22. Qb2 $1 $16) 22... Qxd2 $11 23. Rxd2 Rb4 24. a5 Nf6 (24... Bb1 $14) 25. f3 $16 Rb3 26. Kf2 Bb1 27. Be5 Nd7 28. Rb2 Rxb2 29. Bxb2 Bf5 30. Bd4 Nf8 31. Ra2 Bc8 32. Be5 Ne6 33. Bd6 Nd8 34. Bc7 ({White should try} 34. Rc2) 34... Ne6 35. Bd6 (35. Bb6 $142) 35... Nd8 $1 36. Rc2 Nb7 37. Bc7 $1 Kf8 38. Bb6 Ke8 39. e4 dxe4 40. fxe4 Nd8 41. Ke3 Ne6 42. Rd2 Ke7 43. Bc4 Bd7 44. Rf2 Ke8 45. Be2 Ke7 46. Bh5 Be8 47. h4 Rb8 48. Rd2 Ra8 49. Bg4 Bd7 50. Bf5 Rc8 51. Bg4 (51. Bh3 $16) 51... Rb8 (51... Ra8 $1 $11 {remains equal.}) 52. Bf3 Rc8 53. Be2 Ra8 54. Bc4 Ke8 55. Rf2 Ke7 56. Rf3 Ke8 57. Rg3 Kf8 58. Kd2 Bc8 59. Rf3 Ke8 60. Ke3 Bd7 $1 61. Rf2 Ke7 62. Be2 Be8 63. g4 Bd7 64. g5 (64. Bc4 $16) 64... hxg5 $11 65. hxg5 g6 (65... Nxg5 $11 66. Rh2 Ne6) 66. Rg2 $16 Be8 67. Bc4 Bd7 68. Rh2 Be8 69. Rd2 Bd7 70. Be2 (70. Rg2 $16) 70... Be8 (70... Nxg5 $11 71. Bc7 Rh8) 71. Bg4 {Strongly threatening Bxe6.} Bd7 (71... Nxg5 $14 72. Bc7 Nxe4 73. Bd6+ (73. Kxe4 f5+ 74. Bxf5 gxf5+ 75. Kxf5 Bd7+ 76. Ke5 Re8 $14) 73... Kd8 74. Kxe4 f5+ 75. Bxf5 gxf5+ 76. Kxf5 Ra7) 72. Bc7 $1 $18 Rh8 (72... Ke8 $142 73. Bd6 Kd8) 73. Be5 $1 Rh7 74. Bf6+ Ke8 75. Rb2 Bc8 76. Rb8 Kd7 77. Ra8 Kc7 {Hoping for ...Kb7.} 78. Be5+ Kd8 79. Ra7 Rh4 80. Bf6+ Ke8 81. Bxe6 Bxe6 82. Rxa6 {[%mdl 4096] Endgame KRB-KRB} Kd7 83. Ra7+ Kc8 84. a6 {And now Ra8+ would win.} Rh3+ (84... Kb8 {is a better defense.} 85. Rb7+ Ka8) 85. Kd4 {aiming for Ra8+.} Kb8 86. Rb7+ Ka8 87. Rc7 Ra3 (87... Rb3 {was necessary.} 88. Rxc6 Ka7) 88. Rxc6 Ka7 89. Bd8 $1 Rxa6 $2 (89... Ra4+ $16 {is tougher.} 90. Ke5 Rb4) 90. Bb6+ Kb8 91. Rc7 Ra1 92. c6 $2 (92. Ke5 $18) 92... Rd1+ $2 {[%mdl 8192]} (92... Rb1 $11 {and Black stays safe.} 93. Kc5 Rc1+ 94. Kd6 Rd1+ 95. Ke7 Rb1) 93. Ke5 $2 (93. Kc5 $18 {and White stays clearly on top.}) 93... Rc1 94. Kd6 $1 Rd1+ 95. Ke7 {Rb7+ is the strong threat.} Rc1 $2 {[%mdl 8192] [#]} (95... Rb1 $11) 96. Kd8 $1 {White mates.} Rd1+ {[#]} 97. Rd7 $1 {[%mdl 512]} Bxd7 98. cxd7 Kb7 99. Ke7 Kxb6 100. d8=Q+ Rxd8 101. Kxd8 {Accuracy: White = 68%, Black = 48%.} 1-0

[Event "RUS-ch U21 2019"]
[Site "Loo"]
[Date "2019.04.26"]
[Round "7.2"]
[White "Galaktionov, Artem"]
[Black "Ofitserian, Boris"]
[Result "1/2-1/2"]
[WhiteElo "2332"]
[BlackElo "2409"]
[Annotator "TA"]
[PlyCount "48"]
[EventDate "2019.04.20"]
[EventType "tourn"]
[EventCountry "RUS"]
[SourceTitle "playchess.com"]
[Source "ChessBase"]
[SourceQuality "1"]

{[%evp 19,48,34,34,19,41,0,0,-25,-19,-33,-3,-94,0,0,0,-22,-20,-28,0,0,0,0,0,0,0,0,0,0,0,0,0]} 1. d4 Nf6 2. Nf3 g6 3. c4 Bg7 4. Nc3 d5 5. cxd5 Nxd5 6. e4 Nxc3 7. bxc3 c5 8. Be3 Qa5 9. Qd2 Nd7 {[%cal Bb8d7,Bd7f6,Bf6g4][%mdl 32]} 10. Rc1 O-O 11. Bd3 {D85: Exchange Grünfeld: Unusual White 7th moves and lines with 7 Nf3} Rd8 (11... e5 12. d5 f5 13. Bh6 fxe4 14. Bxe4 Qa4 15. Bc2 Qg4 16. Qg5 Nf6 17. Bxg7 Kxg7 18. Rd1 Qc4 {½-½ (71) Onischuk,A (2647)-Wei,Y (2733) Astana 2019}) 12. h4 $146 ({Predecessor:} 12. O-O a6 13. Rfd1 b6 14. h3 Bb7 15. d5 c4 16. Bb1 b5 17. Bd4 Nf6 18. Qe3 Rd6 {1-0 (26) Van Dongen,R (1907)-Engel,P (1448) Buesum 2017}) 12... Nf6 13. e5 Ng4 14. Rb1 a6 {Black wants to play ...Nxe5!} 15. h5 {[#]} (15. O-O $11 {keeps the balance.}) 15... b5 (15... Nxe5 $1 $17 16. Nxe5 Bxe5 17. hxg6 (17. dxe5 Bf5 $17) 17... hxg6 18. dxe5 Bf5) 16. hxg6 $11 hxg6 17. Qc2 Nxe3 18. fxe3 {And now Bxg6! would win.} Be6 19. Ng5 $36 {[%mdl 2048] The position is equal. White has some pressure.} Qxa2 20. Rb2 Qa1+ 21. Rb1 Qa2 22. Rb2 Qa1+ 23. Rb1 Qa2 24. Rb2 Qa1+ {Accuracy: White = 31%, Black = 58%.} 1/2-1/2

[Event "RUS-ch U21 2019"]
[Site "Loo"]
[Date "2019.04.26"]
[Round "7.3"]
[White "Khanin, Semen"]
[Black "Gaifullin, Artur"]
[Result "1-0"]
[WhiteElo "2524"]
[BlackElo "2453"]
[Annotator "TA"]
[PlyCount "99"]
[EventDate "2019.04.20"]
[EventType "tourn"]
[EventCountry "RUS"]
[SourceTitle "playchess.com"]
[Source "ChessBase"]
[SourceQuality "1"]

{[%evp 13,99,22,26,12,22,30,28,16,38,35,58,60,69,60,126,113,135,133,128,122,190,194,181,151,137,140,145,114,111,113,135,114,117,113,112,112,202,202,553,552,865,854,776,388,367,354,348,0,126,150,139,144,139,158,255,332,335,326,316,304,271,143,506,487,427,407,529,469,664,493,1272,1232,1014,917,1770,1662,2264,2058,5531,4685,29983,29984,29984,29984,29984,29985,29985,29986]} 1. e4 c6 2. d4 d5 3. e5 Bf5 4. Nf3 e6 5. Be2 Ne7 6. O-O c5 7. c4 Nbc6 8. dxc5 {B12: Caro-Kann: Advance Variation} d4 {White must now prevent ...d3.} (8... dxc4 9. Bxc4 Ng6 10. Be3 Be7 11. Nc3 O-O 12. Be2 Qb8 13. Nd2 Rd8 14. f4 Nb4 15. Rc1 b6 {1-0 (42) Harikrishna,P (2729)-Mamedyarov,S (2817) Kolkata 2018}) 9. Qb3 Qd7 10. Rd1 {White has an edge.} Ng6 11. Nc3 $1 Ngxe5 12. Nxe5 Nxe5 13. Nb5 $146 {[%cal Rb5d4]} ({Predecessor:} 13. Bf4 Ng6 14. Bg3 Bxc5 15. Bf3 O-O {1-0 (45) Timman,J (2607)-Brunello,S (2602) Wijk aan Zee 2014}) 13... Nc6 (13... Bxc5 $14 14. Qg3 f6) 14. Bf4 $16 {Strongly threatening Nc7+.} e5 {[#]} 15. Bxe5 $1 {[%mdl 512]} Nxe5 16. Rxd4 Qc6 (16... Qc8 $16) 17. Rd5 $18 f6 18. Nd4 {[%mdl 64] Double Attack} Qc8 19. Nxf5 Qxf5 20. Qxb7 Qc8 21. Rxe5+ $1 fxe5 22. Qd5 Be7 23. Bh5+ ({Worse is} 23. Qxe5 O-O $17) 23... g6 {Hoping for ...Rb8.} 24. Bf3 $1 ({Inferior is} 24. Qxe5 O-O $17) 24... e4 (24... Rf8 $16) 25. Bxe4 Rb8 $2 (25... a5 {is more resistant.} 26. Qxa8 Qxa8 27. Bxa8 Bxc5 28. Re1+ Kf7) 26. Qe5 Rf8 {intending ...Rf6.} 27. Re1 {Bxg6+! would kill now.} Qd8 28. Bc6+ Kf7 29. Bd5+ $1 Ke8 30. Bc6+ $2 $40 {[%mdl 128] White has some attack.} (30. Qg7 $18 {Intending Bc6+ and mate.} Rc8 31. b4) 30... Kf7 $16 {[#] Threatens to win with ...Bf6.} 31. Qe6+ $1 Kg7 {...Bf6 is the strong threat.} 32. Qxe7+ Qxe7 33. Rxe7+ Rf7 (33... Kf6 $16 34. Re2 (34. Rxa7 Rxb2 35. h4 Rf7 $16) 34... Rfc8) 34. Rxf7+ $18 Kxf7 {[%mdl 4096] Endgame KR-KB} 35. b3 Ke7 36. Bd5 a5 {[#] Threatening ...a4.} 37. h4 (37. f4 $1 $18) 37... Rc8 $2 {[%mdl 8192]} (37... a4 $16) 38. c6 Kd6 39. f4 Kc5 40. Kf2 Kb4 (40... Re8 $142 41. g3 Kd6) 41. Ke3 Kc3 (41... Kc5 $142 42. h5 Re8+ 43. Kd3 Rf8 44. hxg6 hxg6) 42. g4 Re8+ 43. Kf3 Kb2 44. f5 gxf5 45. gxf5 Kxa2 46. c5 Ka3 47. f6 {White mates.} Kb4 48. f7 Rf8 49. c7 Kxc5 50. Be6 {Accuracy: White = 79%, Black = 22%.} 1-0

[Event "RUS-ch U21 2019"]
[Site "Loo"]
[Date "2019.04.26"]
[Round "7.4"]
[White "Yeletsky, Ivan"]
[Black "Pogosyan, Stefan"]
[Result "1-0"]
[WhiteElo "2409"]
[BlackElo "2344"]
[Annotator "TA"]
[PlyCount "119"]
[EventDate "2019.04.20"]
[EventType "tourn"]
[EventCountry "RUS"]
[SourceTitle "playchess.com"]
[Source "ChessBase"]
[SourceQuality "1"]

{[%evp 16,119,17,1,19,16,56,23,64,46,63,72,73,55,45,7,15,9,9,9,5,12,12,7,19,0,0,4,42,0,0,0,0,0,0,0,0,0,0,0,0,0,0,0,41,58,143,143,143,143,160,159,159,150,143,142,215,143,147,143,222,231,239,227,313,324,322,312,296,220,198,145,147,118,117,120,117,117,117,118,116,118,117,108,143,124,119,135,254,237,372,364,291,320,722,677,719,705,794,736,3755,2608,2900,2366,29980,29978]} 1. e4 e5 2. Nf3 Nc6 3. Bb5 a6 4. Ba4 Nf6 5. O-O Be7 6. d3 b5 7. Bb3 O-O 8. Nc3 d6 9. a3 Be6 {C77: Ruy Lopez: 3...a6 4 Ba4 Nf6, unusual lines} (9... Bg4 10. Be3 Nd4 11. Bxd4 exd4 12. Nd5 Nd7 13. h3 Bxf3 14. Qxf3 c6 15. Nf4 Nc5 16. Ba2 a5 17. Qg4 Kh8 18. Ne2 {1-0 (48) Caruana,F (2828)-Postny,E (2623) chess.com INT 2019}) 10. Nd5 Nd7 11. Be3 Kh8 $146 {White has an edge.} ({Predecessor:} 11... Na5 12. Ba2 c5 13. b4 Nc6 14. Qb1 Rb8 15. Qb2 Kh8 16. h3 h6 17. bxc5 dxc5 18. Nxe7 Qxe7 {½-½ (48) Gandhi,A (2128)-Pascua,H (2424) Johor 2017}) 12. h3 Na5 {[%cal Bc6a5,Ba5b7,Bb7d6][%mdl 32]} 13. Ba2 c6 14. Nxe7 Qxe7 15. Bg5 f6 16. Bxe6 Qxe6 17. Bd2 Nb7 18. Nh4 d5 19. Qh5 {Ng6+ is the strong threat.} Kg8 20. Rae1 d4 21. f4 Nd6 22. Nf3 c5 23. b4 Qe8 24. Qg4 c4 25. fxe5 Nxe5 26. Nxe5 fxe5 27. Rxf8+ $40 {[%mdl 128] Black needs to defend precisely.} Kxf8 28. Rf1+ Nf7 29. h4 Kg8 30. Rf6 Qc8 (30... Kf8 $14 31. Rb6 Qc8 32. Qxc8+ Rxc8) 31. Qxc8+ $16 Rxc8 32. Rxa6 cxd3 33. cxd3 {[%mdl 4096] Endgame KRB-KRN} Kf8 34. Kf2 Rc2 35. Ke2 Ke7 (35... Ra2 $16 {was necessary.} 36. Ra5 Nd6) 36. Ra7+ Kf6 37. g4 h6 (37... Ra2 $16) 38. Rb7 $18 Ra2 39. Rxb5 Rxa3 40. Rb6+ Ke7 41. Rg6 Kf8 42. b5 Rb3 43. b6 (43. Rb6 $18) 43... Nd8 $16 44. Kd1 Kf7 45. Kc2 {aiming for Rxg7+!} Rb5 {[#]} 46. Rd6 $1 {[%cal Rd6d8]} Ke7 47. Rd5 Rxb6 48. Rxe5+ Ne6 49. Rd5 Rb8 50. Bc1 Rc8+ 51. Kd2 Rc7 (51... Rb8 $16 52. Ba3+ Kf6) 52. Bb2 $18 Rd7 (52... Rb7 $142 53. Bxd4 Nxd4) 53. Ba3+ Ke8 54. Rd6 Rxd6 $2 (54... Nf4 55. Bc5 Rxd6 56. Bxd6 Ng2) 55. Bxd6 {KB-KN} Kd7 56. Be5 Kc6 57. h5 Kb5 {[#]} 58. g5 $1 {[%mdl 512]} hxg5 {[#]} (58... Nxg5 59. Bxg7) 59. Bxg7 $1 {[%mdl 576] Remove Defender, Promotion} Nxg7 60. h6 {Accuracy: White = 73%, Black = 49%.} 1-0

[Event "RUS-ch U21 2019"]
[Site "Loo"]
[Date "2019.04.26"]
[Round "7.5"]
[White "Triapishko, Alexandr"]
[Black "Drygalov, Andrey"]
[Result "0-1"]
[WhiteElo "2506"]
[BlackElo "2481"]
[Annotator "TA"]
[PlyCount "76"]
[EventDate "2019.04.20"]
[EventType "tourn"]
[EventCountry "RUS"]
[SourceTitle "playchess.com"]
[Source "ChessBase"]
[SourceQuality "1"]

{[%evp 9,76,13,14,0,0,0,0,0,0,0,0,0,0,0,19,12,18,12,11,-10,13,7,7,8,16,0,0,0,0,-30,0,-96,-99,-261,-100,-108,-103,-100,-96,-114,-117,-115,-122,-129,-125,-124,-121,-121,-113,-148,-112,-185,-182,-148,-147,-148,-158,-283,-210,-315,-300,-495,-443,-1899,-1837,-29990,-29991,-29997,-29998]} 1. Nf3 c5 2. c4 Nc6 3. Nc3 e5 4. e3 Nf6 5. d4 e4 6. d5 {A34: Symmetrical English: 2 Nc3, lines with ...d5} exf3 7. dxc6 dxc6 8. Qxd8+ {The position is equal.} Kxd8 9. gxf3 Kc7 10. b3 Be7 11. Bb2 Bf5 $146 ({Predecessor:} 11... Rd8 12. h4 g6 13. Ne4 Nxe4 14. fxe4 {1-0 (42) Aronian,L (2774)-Vachier Lagrave,M (2803) Karlsruhe/Baden-Baden 2017}) 12. Ne2 Rhd8 13. Ng3 Be6 14. Rd1 a5 15. Be5+ Kb6 16. a4 g6 17. Bd3 Nd7 18. Bc3 Kc7 19. Ne2 Bd6 (19... b5 $5) 20. Kd2 {[#]} (20. Nc1 $11) 20... b5 $1 $17 {[%mdl 512]} 21. Ra1 $2 {[#]} (21. cxb5 $17 Bxb3 22. Bc2) (21. axb5 cxb5) 21... bxc4 $2 (21... b4 $1 $19 {is more deadly.} 22. Bb2 Be5) 22. Bxc4 Bxc4 23. bxc4 Ne5 24. f4 Nxc4+ 25. Kc2 Nb6 26. h4 Nd5 27. h5 c4 28. hxg6 hxg6 29. Rh7 Rd7 30. Rd1 {[#]} (30. Rg1 $17) 30... Nb4+ $1 $19 31. Kc1 Nd3+ 32. Kc2 Bb4 33. f3 (33. Nc1 $17) 33... Rad8 34. e4 (34. Ng3 $142) 34... Kb6 35. Rb1 $2 (35. Rhh1) 35... Kc5 {Hoping for ...Bxc3.} 36. f5 (36. Rh2 $142) 36... Bxc3 37. Kxc3 Nb4 38. Nf4 Rd2 0-1

[Event "RUS-ch U21 2019"]
[Site "Loo"]
[Date "2019.04.27"]
[Round "8.1"]
[White "Murzin, Volodar"]
[Black "Drygalov, Andrey"]
[Result "1/2-1/2"]
[WhiteElo "2407"]
[BlackElo "2481"]
[Annotator "ChessBase"]
[PlyCount "73"]
[EventDate "2019.04.20"]
[EventType "tourn"]
[EventCountry "RUS"]
[SourceTitle "playchess.com"]
[Source "ChessBase"]
[SourceQuality "1"]
[TimeControl "40/5400+30:1800+30"]

1. e4 {[%emt 0:00:00]} e5 {[%emt 0:00:00]} 2. Nf3 {[%emt 0:00:00]} Nc6 {[%emt 0:00:00]} 3. Bb5 {[%emt 0:00:00]} a6 {[%emt 0:00:12]} 4. Ba4 {[%emt 0:00:00]} Nf6 {[%emt 0:00:08]} 5. O-O {[%emt 0:00:12]} Be7 {[%emt 0:00:07]} 6. d3 {[%emt 0:00:23]} b5 {[%emt 0:00:13]} 7. Bb3 {[%emt 0:00:01]} d6 {[%emt 0:01:10]} 8. a3 {[%emt 0:00:17]} O-O {[%emt 0:00:37]} 9. Nc3 {[%emt 0:00:08]} Na5 {[%emt 0:00:08]} 10. Ba2 {[%emt 0:00:16]} Be6 {[%emt 0:00:57]} 11. Nd5 {[%emt 0:02:24]} c5 {[%emt 0:07:02]} 12. Be3 {[%emt 0:08:56]} Nc6 {[%emt 0:01:51]} 13. c3 {[%emt 0:02:28]} Bxd5 {[%emt 0:13:04]} 14. Bxd5 {[%emt 0:09:09]} Nxd5 {[%emt 0:04:47]} 15. exd5 {[%emt 0:00:02]} Nb8 {[%emt 0:00:27]} 16. b4 {[%emt 0:02:08]} Nd7 {[%emt 0:00:57]} 17. bxc5 {[%emt 0:01:30]} dxc5 {[%emt 0:01:20]} 18. c4 {[%emt 0:02:25]} Rb8 {[%emt 0:03:40]} 19. Qc2 {[%emt 0:03:12]} Qb6 {[%emt 0:08:18]} 20. a4 {[%emt 0:06:33]} b4 {[%emt 0:03:55]} 21. a5 {[%emt 0:09:03]} Qg6 {[%emt 0:09:12]} 22. Nd2 {[%emt 0:01:42]} f5 {[%emt 0:02:26]} 23. f4 {[%emt 0:04:01]} Bd6 {[%emt 0:02:03]} 24. Nb3 {[%emt 0:07:45]} Rbc8 {[%emt 0:03:38]} 25. Rac1 {[%emt 0:10:54]} Nf6 {[%emt 0:13:50]} 26. fxe5 {[%emt 0:04:39]} Bxe5 {[%emt 0:00:04]} 27. Bf4 {[%emt 0:01:40]} Bxf4 {[%emt 0:05:47]} 28. Rxf4 {[%emt 0:00:05]} Qh6 {[%emt 0:00:10]} 29. Qd2 {[%emt 0:01:56]} Ng4 {[%emt 0:08:44]} 30. h3 {[%emt 0:00:30]} Ne5 {[%emt 0:00:05]} 31. Rcf1 {[%emt 0:00:42]} Qg6 {[%emt 0:00:48]} 32. Qe2 {[%emt 0:11:27]} Rfe8 {[%emt 0:00:50]} 33. Qd1 {[%emt 0:00:24]} Rf8 {[%emt 0:01:16]} 34. Qa1 {[%emt 0:04:14]} Rfe8 {[%emt 0:03:50]} 35. Qd1 {[%emt 0:02:25]} Rf8 {[%emt 0:00:25]} 36. Qa1 {[%emt 0:00:52]} Rfe8 {[%emt 0:00:05]} 37. Qd1 {[%emt 0:03:32]} 1/2-1/2

[Event "RUS-ch U21 2019"]
[Site "Loo"]
[Date "2019.04.27"]
[Round "8.2"]
[White "Pogosyan, Stefan"]
[Black "Triapishko, Alexandr"]
[Result "1/2-1/2"]
[WhiteElo "2344"]
[BlackElo "2506"]
[Annotator "TA"]
[PlyCount "128"]
[EventDate "2019.04.20"]
[EventType "tourn"]
[EventCountry "RUS"]
[SourceTitle "playchess.com"]
[Source "ChessBase"]
[SourceQuality "1"]

{[%evp 23,128,0,37,31,34,35,20,0,0,0,0,0,0,0,0,-66,-28,-52,-43,-38,-32,-32,-32,-38,-38,-38,-36,-41,-46,-49,-51,-52,-53,-53,-43,-44,-48,-45,-44,-51,-8,-52,-31,-76,-68,-73,-63,-61,-61,-60,-60,-60,-41,-41,-41,-90,-90,-91,-91,-107,-107,-107,-90,-90,-90,-90,-90,-114,-114,-114,-114,-114,-107,-107,-81,-107,-107,-107,-107,-107,-107,-107,-81,-81,-81,-81,-47,-79,-47,-47,-47,-47,-47,-47,-47,-47,-47,-47,-47,-47,-47,-47,-23,-174,-174,-174,-174]} 1. d4 Nf6 2. c4 g6 3. Nc3 d5 4. cxd5 Nxd5 5. e4 Nxc3 6. bxc3 Bg7 7. Nf3 c5 8. Rb1 O-O 9. Be2 cxd4 10. cxd4 Qa5+ 11. Bd2 Qxa2 12. O-O Bg4 13. Rxb7 {D85: Exchange Grünfeld: Unusual White 7th moves and lines with 7 Nf3} (13. Be3 Nc6 14. d5 Na5 15. Bg5 b6 16. Bxe7 Rfe8 17. d6 Nc6 18. Bb5 Nxe7 19. h3 Bxf3 20. Qxf3 Qe6 21. Bxe8 Rxe8 22. dxe7 Qxe7 {½-½ (32) Aronian,L (2799)-Vachier Lagrave,M (2789) Tbilisi 2017}) 13... Bxf3 14. Bxf3 Bxd4 15. e5 {[#] Black must now prevent Rb5.The position is equal.} Na6 16. Bg5 Rad8 {And now ...Bxf2+! would win.} 17. Qb1 Qxb1 18. Rfxb1 Nc5 19. R7b5 $146 ({Reject} 19. Bxe7 Nxb7 20. Bxf8 Kxf8 $17) (19. Rxe7 $11 a5 20. h4) ({Predecessor:} 19. Rxe7 Ne6 20. Be3 Bxe5 21. Rxa7 {½-½ (28) Hofmann,T (2125)-Mesaros,F (2166) Feldkirch 2013}) 19... a6 20. Ra5 Rd7 21. Rd1 {[#] Threatens to win with Rxc5!} Ne6 22. Bh6 Rfd8 23. Rxa6 Bxe5 24. Rxd7 Rxd7 25. Ra8+ Rd8 26. Ra7 Bf6 27. h3 Nd4 28. Be4 e6 29. Rb7 Bg7 30. Bg5 Rc8 31. Rd7 h6 32. Be3 (32. Bxh6 $5 Bxh6 33. Rxd4 $11) 32... Nf5 33. Ba7 Rc1+ 34. Kh2 Be5+ 35. g3 Kg7 36. Kg2 Rc4 37. Bd3 Rc7 (37... Rc3 {seems wilder.} 38. Bb5 h5 39. Be2 Rc2 40. Kf3 Kf8) 38. Rxc7 Bxc7 39. Bxf5 gxf5 $15 {[%mdl 4096] Endgame KB-KB} 40. g4 Kg6 41. f3 Bf4 42. Bb6 Bd2 43. Bd8 e5 44. Be7 h5 45. gxh5+ Kxh5 46. Bf8 Bg5 47. Bd6 f6 48. Bc5 Bh4 49. Be3 Kg6 50. Ba7 Kf7 51. Kf1 Ke6 52. Ke2 f4 53. Bb6 f5 54. Ba7 e4 55. Bb6 Bg3 56. Ba7 Kf6 57. Bb6 Kg5 {aiming for ...Kh4.} 58. Bd8+ Kh5 59. Be7 Bh4 60. Bd6 Bg5 {...Kh4 is the strong threat.} 61. Kf1 Kh4 62. Kg2 $1 e3 63. Kf1 $2 (63. Be5 $11) 63... Kxh3 64. Ke2 Kg3 {Accuracy: White = 53%, Black = 69%.} 1/2-1/2

[Event "RUS-ch U21 2019"]
[Site "Loo"]
[Date "2019.04.27"]
[Round "8.3"]
[White "Gaifullin, Artur"]
[Black "Yeletsky, Ivan"]
[Result "0-1"]
[WhiteElo "2453"]
[BlackElo "2409"]
[Annotator "ChessBase"]
[PlyCount "112"]
[EventDate "2019.04.20"]
[EventType "tourn"]
[EventCountry "RUS"]
[SourceTitle "playchess.com"]
[Source "ChessBase"]
[SourceQuality "1"]
[TimeControl "40/5400+30:1800+30"]

1. Nf3 {[%emt 0:00:00]} Nf6 {[%emt 0:00:00]} 2. e3 {[%emt 0:00:00]} g6 {[%emt 0:00:02]} 3. b4 {[%emt 0:00:00]} d6 {[%emt 0:00:33]} 4. d4 {[%emt 0:00:01]} Bg7 {[%emt 0:00:50]} 5. Bb2 {[%emt 0:00:10]} O-O {[%emt 0:00:19]} 6. c4 {[%emt 0:00:04]} c5 {[%emt 0:02:07]} 7. dxc5 {[%emt 0:04:59]} dxc5 {[%emt 0:00:11]} 8. Qxd8 {[%emt 0:00:04]} Rxd8 {[%emt 0:00:10]} 9. b5 {[%emt 0:00:03]} Bf5 {[%emt 0:07:12]} 10. Nbd2 {[%emt 0:01:18]} Nbd7 {[%emt 0:00:53]} 11. Be2 {[%emt 0:00:16]} Ne4 {[%emt 0:01:42]} 12. Bxg7 {[%emt 0:00:11]} Kxg7 {[%emt 0:00:09]} 13. g4 {[%emt 0:03:53]} Nxd2 {[%emt 0:00:15]} 14. Nxd2 {[%emt 0:00:17]} Be6 {[%emt 0:08:37]} 15. f4 {[%emt 0:00:52]} Nf6 {[%emt 0:00:17]} 16. Rg1 {[%emt 0:01:33]} Kf8 {[%emt 0:01:50]} 17. e4 {[%emt 0:14:46]} Rd4 {[%emt 0:04:55]} 18. f5 {[%emt 0:01:52]} Rad8 {[%emt 0:13:18]} 19. fxe6 {[%emt 0:37:08]} Rxd2 {[%emt 0:00:09]} 20. Rf1 {[%emt 0:00:02]} Rb2 {[%emt 0:14:57]} 21. Rd1 {[%emt 0:02:32]} Rxd1+ {[%emt 0:01:50]} 22. Bxd1 {[%emt 0:00:02]} Ke8 {[%emt 0:08:32]} 23. e5 {[%emt 0:20:05]} Ne4 {[%emt 0:00:08]} 24. b6 {[%emt 0:04:48]} Rxa2 {[%emt 0:05:12]} 25. h4 {[%emt 0:01:31]} fxe6 {[%emt 0:05:12]} 26. bxa7 {[%emt 0:02:56]} Rxa7 {[%emt 0:06:30]} 27. Rf4 {[%emt 0:00:17]} Nc3 {[%emt 0:00:19]} 28. Bc2 {[%emt 0:00:02]} Ra2 {[%emt 0:02:06]} 29. Rf2 {[%emt 0:00:18]} Kd7 {[%emt 0:01:45]} 30. g5 {[%emt 0:00:40]} b5 {[%emt 0:05:26]} 31. cxb5 {[%emt 0:00:35]} Nxb5 {[%emt 0:00:51]} 32. Bd3 {[%emt 0:00:09]} Ra1+ {[%emt 0:00:15]} 33. Kd2 {[%emt 0:00:04]} Nd4 {[%emt 0:01:32]} 34. Rf7 {[%emt 0:00:46]} Rh1 {[%emt 0:03:07]} 35. Rxh7 {[%emt 0:00:59]} Nf3+ {[%emt 0:02:49]} 36. Ke3 {[%emt 0:01:18]} Nxe5 {[%emt 0:01:35]} 37. Bb5+ {[%emt 0:00:32]} Kd6 {[%emt 0:00:07]} 38. Rh8 {[%emt 0:00:27]} c4 {[%emt 0:00:49]} 39. Ba4 {[%emt 0:00:13]} Rh3+ {[%emt 0:00:24]} 40. Kf4 {[%emt 0:00:00]} Nd3+ {[%emt 0:00:00]} 41. Ke4 {[%emt 0:03:08]} Nc5+ {[%emt 0:01:23]} 42. Kd4 {[%emt 0:00:05]} Nxa4 {[%emt 0:00:46]} 43. Kxc4 {[%emt 0:00:50]} Ke5 {[%emt 0:00:35]} 44. Rh7 {[%emt 0:00:36]} Nb6+ {[%emt 0:00:14]} 45. Kc5 {[%emt 0:00:08]} Nd5 {[%emt 0:00:10]} 46. Kc6 {[%emt 0:00:04]} Ne3 {[%emt 0:00:35]} 47. Rh6 {[%emt 0:01:09]} Kf5 {[%emt 0:00:45]} 48. Kd7 {[%emt 0:00:03]} Nd5 {[%emt 0:00:13]} 49. Rh7 {[%emt 0:00:20]} Kg4 {[%emt 0:01:30]} 50. Kxe6 {[%emt 0:01:27]} Rxh4 {[%emt 0:00:14]} 51. Rf7 {[%emt 0:00:44]} Nf4+ {[%emt 0:00:11]} 52. Ke5 {[%emt 0:00:19]} Kxg5 {[%emt 0:00:15]} 53. Rxe7 {[%emt 0:00:02]} Rh1 {[%emt 0:00:15]} 54. Ra7 {[%emt 0:00:21]} Kg4 {[%emt 0:00:10]} 55. Rg7 {[%emt 0:00:36]} Re1+ {[%emt 0:00:35]} 56. Kd4 {[%emt 0:00:05]} Ne6+ {[%emt 0:00:09]} 0-1